| Tag |
First Indicator |
Second Indicator |
Subfields |
| LEADER |
00000cam a2200000 a 4500 |
| 001 |
in00002425802 |
| 005 |
20151109135506.0 |
| 008 |
070615s2008 enk 000 f eng |
| 015 |
|
|
|a GBA754239
|2 bnb
|
| 016 |
7 |
|
|a 013790145
|2 Uk
|
| 020 |
|
|
|a 9781903517659 (pbk.)
|
| 020 |
|
|
|a 1903517656 (pbk.)
|
| 035 |
|
|
|a (OCoLC)ocn155688699
|
| 035 |
|
|
|a (OCoLC)155688699
|
| 040 |
|
|
|a UKM
|c UKM
|d BTCTA
|d BAKER
|d YDXCP
|d BWKUK
|d BWK
|d OCLCG
|d UtOrBLW
|
| 041 |
1 |
|
|a eng
|h fre
|
| 049 |
|
|
|a TXAM
|
| 050 |
|
4 |
|a PQ2309.H4
|b A6213 2008
|
| 082 |
0 |
4 |
|a 843.8
|2 22
|
| 100 |
1 |
|
|a Huysmans, J.-K.
|q (Joris-Karl),
|d 1848-1907.
|
| 245 |
1 |
0 |
|a Against nature (Á rebours) /
|c J.-K. Huysmans ; translated with an introduction and notes by Brendan King.
|
| 264 |
|
1 |
|a Sawtry [England] :
|b Dedalus ;
|c 2008.
|
| 264 |
|
2 |
|a Gardena, Calif. :
|b Distributed in the USA by SCB,
|
| 300 |
|
|
|a 315 pages ;
|c 20 cm.
|
| 336 |
|
|
|a text
|b txt
|2 rdacontent
|
| 337 |
|
|
|a unmediated
|b n
|2 rdamedia
|
| 338 |
|
|
|a volume
|b nc
|2 rdacarrier
|
| 504 |
|
|
|a Includes bibliographical references (pages 292-315).
|
| 546 |
|
|
|a Translated from the French.
|
| 650 |
|
0 |
|a Aesthetics
|v Fiction.
|
| 700 |
1 |
|
|a King, Brendan.
|
| 938 |
|
|
|a Baker and Taylor
|b BTCP
|n BK0007425181
|
| 938 |
|
|
|a Baker & Taylor
|b BKTY
|c 13.99
|d 10.49
|i 1903517656
|n 0007425181
|s active
|
| 938 |
|
|
|a YBP Library Services
|b YANK
|n 100471365
|
| 938 |
|
|
|a Blackwell Book Service UK
|b BBUK
|n L0787854
|c 8.99
|
| 945 |
|
|
|a PromptCat
|b 526744
|
| 946 |
|
|
|a stk
|
| 947 |
|
|
|a A14836644902
|
| 994 |
|
|
|a 92
|b TXA
|
| 948 |
|
|
|a cataloged
|b h
|d 2008/10/16
|h c
|e asalazar
|f 12:35:25 pm
|
| 999 |
|
|
|a MARS
|
| 999 |
f |
f |
|s d6995641-8fe2-3baf-8353-20e89e4c98a8
|i 4b858495-282e-3764-9a14-de772b30df2c
|t 0
|
| 952 |
f |
f |
|p normal
|a Texas A&M University
|b College Station
|c Sterling C. Evans Library
|d Evans: Library Stacks
|t 0
|e PQ2309.H4 A6213 2008
|h Library of Congress classification
|i unmediated -- volume
|m A14836644902
|
| 998 |
f |
f |
|a PQ2309.H4 A6213 2008
|t 0
|l Evans: Library Stacks
|